|
|
|
|
| LEADER |
00680nab a2200217 i 4500 |
| 001 |
acta8270 |
| 005 |
20250618110156.0 |
| 008 |
161015s1990 hu o 000 hun d |
| 022 |
|
|
|a 0866-0980
|
| 040 |
|
|
|a SZTE Egyetemi Kiadványok Repozitórium
|b hun
|
| 041 |
|
|
|a hun
|
| 100 |
1 |
|
|a Hassan Ihab
|
| 245 |
1 |
2 |
|a A posztmodernizmus egy lehetséges fogalma felé
|h [elektronikus dokumentum] /
|c Hassan Ihab
|
| 260 |
|
|
|c 1990
|
| 300 |
|
|
|a 64-72
|
| 490 |
0 |
|
|a Hétvilág
|
| 650 |
|
4 |
|a Bölcsészettudományok
|
| 650 |
|
4 |
|a Nyelvek és irodalom
|
| 695 |
|
|
|a Irodalomelmélet
|
| 700 |
0 |
1 |
|a Török Attila
|
| 856 |
4 |
0 |
|u http://acta.bibl.u-szeged.hu/8270/1/hetvilag_1_064-072.pdf
|z Dokumentum-elérés
|